000 00478nam a22001937a 4500
003 MPLRDC
005 20220104124426.0
008 210129b ||||| |||| 00| 0 eng d
020 _a7-5015-0692-2
082 _a859.61 FY v.1
100 _a郝勇著
245 _a勤奋的故事
_c
250 _a一版一刷
260 _a
_b知识出版社
_c1992
300 _b
490 _a小学生品德教育故事丛书
650 _a教育故事
942 _cBK
_o859.61 FY v.1
999 _c19228
_d19218